00937nam a2200181Ia 4500008004100000020001800041050002000059100003200079245011400111260005200225300001100277500005300288505017400341650010400515700001000619952010900629999001700738121028s9999 xx 000 0 und d a968-24-6327-0 aLB2395 L69 2001 aLozano Rodríguez, Armando aEstilos de aprendizaje y enseñanza : un panorama de la estilística educativa / Armando Rodríguez Lozano aMéxico : Trillas : ITESM, Universidad virtual a100 p. a2a reimpresión, 2006 Bibliografía: p. 99-100 aIntroducción Cap. 1. Las diferencias individuales y estilos Cap. 2. Toerías sobre estilos cognitivos Cap. 3. Teorías sobre los estilos de aprendizaje y enseñanza aEducación superior -- Innovaciones \ 2. Innovaciones educativas \ 3. Aprendizaje \ 4. Enseñanza at.Ì 00104070a14b14d2009-02-09l4oLB2395 L69 2001p14 001749r2019-02-06s2019-02-06t1w2012-10-28yLB c84788d84788